| 000 | 00498nam a2200193Ia 4500 | ||
|---|---|---|---|
| 003 | LK-CoDNM | ||
| 005 | 20240311110014.0 | ||
| 008 | 010623t1933 xxu||||| |||| 00| 1 sin d | ||
| 040 |
_aLK-CoDNM _dLK-CoDNM _eLK-CoDNM |
||
| 041 | _asin | ||
| 080 | _a104 BB5 | ||
| 100 | _aChandrakumari,J | ||
| 245 | _a1933-3 සිංහල කාන්තා | ||
| 246 | _aThe sinhala kantha | ||
| 260 |
_bAluthgama press _aAluthgama _c1933 |
||
| 300 |
_bDamaged _a12p.,21 cm |
||
| 650 | _aWomen | ||
| 942 | _cBK | ||
| 999 |
_c96953 _d96953 |
||